Eşekarısı : Toplu Öyküler (Record no. 4112)
[ view plain ]
| 000 -LEADER | |
|---|---|
| fixed length control field | 00595nam a22001937a 4500 |
| 008 - FIXED-LENGTH DATA ELEMENTS--GENERAL INFORMATION | |
| fixed length control field | 200702b ||||| |||| 00| j eng d |
| 020 ## - INTERNATIONAL STANDARD BOOK NUMBER | |
| International Standard Book Number | 9789750820939 |
| 041 ## - LANGUAGE CODE | |
| Language code of text/sound track or separate title | Türkçe |
| 050 ## - LIBRARY OF CONGRESS CALL NUMBER | |
| Classification number | PL248.E6953 |
| 100 ## - MAIN ENTRY--PERSONAL NAME | |
| 9 (RLIN) | 1545 |
| Personal name | Yılmaz, Şiir Erkök |
| 245 ## - TITLE STATEMENT | |
| Title | Eşekarısı : Toplu Öyküler |
| Statement of responsibility, etc. | Kitap Editörü : Fahri Güllüoğlu |
| 250 ## - EDITION STATEMENT | |
| Edition statement | 1.Baskı |
| 260 ## - PUBLICATION, DISTRIBUTION, ETC. | |
| Place of publication, distribution, etc. | İstanbul: |
| Name of publisher, distributor, etc. | Yapı Kredi Yayınları, |
| Date of publication, distribution, etc. | Ekim 2011 |
| 300 ## - PHYSICAL DESCRIPTION | |
| Extent | 501 Sayfa |
| 500 ## - GENERAL NOTE | |
| General note | Yapı Kredi Yayınları ; 3434 Edebiyat ; 997 |
| 650 #0 - SUBJECT ADDED ENTRY--TOPICAL TERM | |
| 9 (RLIN) | 145 |
| Topical term or geographic name entry element | Türk Edebiyatı |
| 700 ## - ADDED ENTRY--PERSONAL NAME | |
| 9 (RLIN) | 714 |
| Personal name | Güllüoğlu, Fahri |
| 942 ## - ADDED ENTRY ELEMENTS (KOHA) | |
| Source of classification or shelving scheme | |
| Koha item type | Books |
| Withdrawn status | Lost status | Source of classification or shelving scheme | Damaged status | Not for loan | Permanent Location | Current Location | Shelving location | Date acquired | Full call number | Barcode | Date last seen | Price effective from | Koha item type |
|---|---|---|---|---|---|---|---|---|---|---|---|---|---|
| Ödünç verilemez | İmren Ahmet Tüzün Kütüphanesi | İmren Ahmet Tüzün Kütüphanesi | Ahmet Tüzün | 2020-07-02 | PL248.E6953 | 100100004426 | 2020-07-02 | 2020-07-02 | Books |
